000 00674nam a22002417a 4500
005 20170124105935.0
010 _aA-704974
020 _c00.00
_a0195631137
035 _aA-704974
037 _bCen Lib/Ret
040 _aDPL
_bEN
082 _a304.2
_bSOC
100 _a.
_99483
245 _aSocial ecology /
_cedited by Ramachandra Guha
260 _aNew Delhi
_bOxrord university press
_c1994
270 _bNew Delhi
_aC-79 Okhla phase 1
_e110033
300 _a398p.
_c21cm(Hb)
500 _aIncludes index
650 _aSicial science
_99484
650 _aEcology
_9155
700 _aGuha, Ramanchandra
_99485
942 _2ddc
_cEN
_h304.2
_mGUH
999 _c124135
_d124135